|
|
|
|
| LEADER |
00000nab a2200000 a 4500 |
| 001 |
vtls000584954 |
| 003 |
SK-MaSNL |
| 005 |
20260303011411.0 |
| 008 |
120930c xo 0 slo |
| 015 |
|
|
|a SNBRA19rr/mm-uuuuu
|
| 035 |
|
|
|a CL0585093
|
| 040 |
|
|
|a SNKBUCL
|b slo
|c SNKBUCL
|e AACR2
|
| 041 |
0 |
|
|a slo
|
| 044 |
|
|
|a xo
|c SK
|
| 080 |
|
|
|a 624.131.43:550.8:620.17
|2 1981
|
| 080 |
|
|
|a 550.8
|2 1981
|
| 080 |
|
|
|a 620.17
|2 1981
|
| 100 |
1 |
|
|a Hyánková, Anna,
|d 1934-
|4 aut
|9 41599
|
| 245 |
1 |
0 |
|a Point load test - vhodná metóda na určenie pevnostných charakteristík i fyzického stavu horninového materiálu
|c Anna Hyánková, Štefan Szabo, Peter Wagner
|
| 300 |
|
|
|b Obr. 2, res. angl., lit. 4 zázn. v angl., slov.
|
| 650 |
0 |
7 |
|a horniny
|2 snkbucl
|9 842
|
| 650 |
0 |
7 |
|a pevnosť
|2 snkbucl
|9 1636
|
| 655 |
|
7 |
|a články zo zborníkov
|2 snkbucl
|9 166140
|
| 700 |
1 |
|
|a Szabo, Štefan
|4 aut
|9 269098
|
| 700 |
1 |
|
|a Wagner, Peter,
|d 1947-
|4 aut
|9 6555
|
| 773 |
0 |
|
|t Výsledky, problémy a perspektívy inžinierskej geológie v Slovenskej republike
|g S. 15-19
|z 8096715429
|
| 773 |
0 |
|
|d Bratislava : Slovenská asociácia inžinierskych geológov, 1994
|
| 850 |
|
|
|a Slovenská národná knižnica v Martine
|a MTA001
|
| 852 |
|
|
|a SNK
|b KIS3GCP
|
| 958 |
|
|
|a RK
|
| 992 |
|
|
|a RZB
|
| 999 |
|
|
|c 1591939
|d 1593869
|